000 01219nam2a22002531 4500
001 rc\238389
005 20250621063143.0
035 _a(NLR Aleph) 005626093
090 _a6534367
_c6534367
100 _a20030307d1990 |||y0rusy50 ca
101 0 _arus
102 _aRU
105 _aa |||||||||
200 1 _aСправочное пособие для политиков, избирателей... и изобретателей
210 _d1990
_aБ. м.
215 _a[1], 34 с.
_cил.
300 _aБез тит. л. и обл.
300 _a2-й экз.: Ксерокопия
461 0 _1001rc\238388
_12001#$aПолитический смысл математического анализа экономических интересов в отношении новаторства и труда$vВып. 1
_1700#1$aШишкин$bЛ.С.
_96534360
_aШишкин, Л.С.
_cМ.
_d1990
_nБ. и.
_tПолитический смысл математического анализа экономических интересов в отношении новаторства и труда
_vВып. 1
801 0 _aRU
_bNLR
_gpsbo
801 1 _aRU
_bELAR
_2rusmarc
852 _aNLR
_j96-4/9886
942 _cBOOK
980 _aNB